000 00662nam a2200205 i 4500
001 61511
003 ES-MaACL
005 20230906164455.0
007 t|
008 031112s1933 sp |||| | spa d
245 0 0 _aExposición del grabado checoslovaco /
_corganizada por el Museo Nacional de Arte Moderno.
260 _aMadrid :
_b[s.n.,
_c1933] (
_fSalvador Cuesta)
300 _a5 h. ;
_c22 cm.
500 _aPrecede al tít.: Sociedad "Hollar"
650 4 _aGrabado checoslovaco-
_vExposiciones.
_9162653
655 7 _2tgfbne
_9193628
_aCatálogos de exposiciones
852 _aES-MaACL
_j1782-F-13
942 _2udc
999 _c61511
_d61511